Deuterocanonical Books - Statistics

General Stats
  • This quiz has been taken 13 times
  • The average score is 4 of 7
Answer Stats
Answer % Correct
1 Macabees
86%
2 Macabees
86%
Judith
71%
Tobit
71%
Wisdom of Solomon
57%
Ecclessiasticus
43%
Baruch
29%
No matching quizzes found
Score Distribution
Percent of People with Each Score
Percentile by Number Answered
Your Score History
You have not taken this quiz